000 00438nam a2200181Ia 4500
008 210210b2015 xxu||||| |||| 00| 0 eng d
020 _a9789382459828
041 _aeng
082 _a574.192 ARUB
100 _aARUMUGAM (N)
245 _aBiochemistry
260 _aKanyakumari
_bSaras Publication
_c2015
300 _axiv,630+12
650 _aBiochemistry
690 _aBiochemistry
700 _aFATIMA (Dulsy)
906 _a070970
999 _c120434
_d120434